000 01377nam a2200277 a 4500
001 000048721
003 DO-SdBNP
005 20220805090616.0
008 190410s2001 dr a gr 001 spa d
040 _aDO-SdBNP
_bspa
_cBNPHU
082 4 _222
_bR426j
110 1 _aRepública Dominicana
_bJefatura de Estado Mayor de la Fuerza Aérea de San Isidro
_982163
245 1 0 _aReglamento de uniformes de la Fuerza Aérea Dominicana. /
260 _aSanto Domingo :
_bEditora Nomara,
_c2001
300 _a178 p. ;
_eil. ;
_c21 cm.
505 0 _aPresentación.
505 0 _aCapítulo I.
_tDisposiciones Generales.
505 0 _aCapítulo II.
_t Clasificación de los uniformes.
_tUniformes para Oficiales Masculinos.--
_tUniformes para Oficiales Femeninos.--
_tUniformes para Aliados.--
_tUniformes para camarero.--
_tOM- 1 Uniformes para el Personal del Hospital "Ramón de Lara", "Fuerza Aérea Dominicana"--
_tOE- 1 y AE- 1 Uniformes para de Maternidad para Oficiales y Aliados.--
505 0 _aCapítulo III.
_tComponentes Uniformes.
505 0 _aCapítulo IV.
_tInsignias y Distintivos.
505 0 _aCapítulo V.
_tUso Correcto y Medidas de las Insignias.
590 _aInventariado 2022 / MF
650 4 _979571
_aJefatura de Estado Mayor de la Fuerza Aérea Dominicana San Isidro
_xReglamento Uniformes
_zRepública Dominicana
910 _aMFeliz
942 _2ddc
_cLBS1
999 _c48209
_d48209